| 000 | 00738nam a2200193 a 4500 | ||
|---|---|---|---|
| 001 | 000046654 | ||
| 005 | 20201002053025.0 | ||
| 008 | 180315s2016 dr 000 0 spa d | ||
| 020 | _a9789945904215 | ||
| 040 |
_aDO-SdBNP _bspa _cBNPHU |
||
| 082 |
_axxxx _bxxxx |
||
| 110 | 1 |
_aRepública Dominicana _9447 |
|
| 240 | 1 | 0 | _a[Leyes, etc.] |
| 245 | 1 | 0 | _aLey 64-00 sobre medio ambiente y recursos naturales; (mod. por la ley 202-04 adecuada conforme constitución vigente, las leyes 139-13, 247-12496-06, 166-97, el dec. 56-10 y sus modificaciones). |
| 260 |
_aSanto Domingo : _bDalis, _c2016. |
||
| 300 |
_a148 p. ; _c21 cm. |
||
| 500 | _aIncluye referencias bibliográficas y notas al pie de las páginas | ||
| 590 | _aInventariado, 2018/BT | ||
| 999 |
_c46143 _d46143 |
||